Statistics for Florida Gators Football Quiz

Click here to take the quiz!

General Stats

  • This quiz has been taken 300 times
    (205 since last reset)
  • The average score is 13 of 39

Answer Stats

HintAnswer% Correct
QB for the 2008 National Championship TeamTim Tebow
93%
Conference Florida plays inSoutheastern Conference
76%
Florida's Rival not in the SEC that Florida plays every yearFlorida State
75%
Plays Georgia in this city in FloridaJacksonville
72%
Won Florida's first Heisman in 1966Steve Spurrier
69%
Florida's Last Appearance in the SEC Championship Game2016
66%
Current Head CoachDan Mullen
64%
Florida's Last Losing Season2017
60%
StadiumBen Hill Griffin Stadium
58%
Stopped this team at Tiger Stadium on 4th and Goal at the OPP 1 yd lineLSU
50%
Another Rival not in the SECMiami
50%
Won 2 National Titles during his tenure at UFUrban Meyer
50%
Won the Heisman and later won the National Championship in 1996Danny Wuerffel
46%
Suspended for PEDs and would transfer to West VirginiaWill Grier
44%
QB for the 2006 National Championship TeamChris Leak
43%
Florida's first appearance in a National Championship Game1995
40%
Has the longest winning streak against this opponentKentucky
37%
Had an undefeated season in 1995 but lost to this team in the National ChampionshipNebraska
37%
Antonio Callaway ripped through this team on a 4th and 14 play on a 63-yard touchdown pass from Will GrierTennessee
37%
Current Defensive CoordinatorTodd Grantham
36%
Suffered their first lost to an FCS opponentGeorgia Southern
30%
Year that the Greatest Game in the Swamp was played vs. FSU1997
28%
Caught a Hail Mary to beat Tennessee in 2017Tyrie Cleveland
28%
First Season1906
25%
Finished 2nd in 2001 in the closest Heisman finish everRex Grossman
22%
Last winless season1979
18%
First winless season1946
11%
Current Offensive CoordinatorBilly Gonzales and John Hevesy
11%
Head Coach that had 3 5-loss seasons in a rowRon Zook
11%
Name of Cup that Florida, Florida State and Miami compete in. (UF vs Miami) (Miami vs FSU) and (Florida vs FSU)Florida Cup
9%
Blocked a South Carolina FG to hang on and win their final SEC regular season game in 2006Jarvis Moss
9%
Rivalry name against Florida StateSunshine State Showdown
7%
Rivalry name against TennesseeThird Saturday in September
7%
Rivalry name against MiamiSeminole War Canoe
5%
MascotAlbert and Alberta Gator
4%
Final score was 144-0 against this current NCAA D2 TeamFlorida Southern
4%
Known to anger Hurricanes fans since 1971Florida Flop
2%
Rivalry name against GeorgiaFlorida vs. Georgia Football Classic
1%
First Conference (excluding Independent) they played inSIAA
1%

Score Distribution

Percentile by Number Answered

Percent of People with Each Score

Your Score History

You have not taken this quiz since the last reset